LDR 00737naa#a2200169#i#450# 001 EN\\bibl\121931 005 20260603183638.3 011 ## _a2687-0185 100 ## _a20260319b2026####ek#y0engy0150####ca 102 ## _aRU 200 1# _aProblems of defining and distinguishing the concepts of «Extremism» and «Terrorism» in criminal law science _eJournal article 210 1# _aMoscow _cMoscow University of the Ministry of Internal Affairs of Russia named after V.Ya. Kikot _d2026 215 ## _a8 с. 608 ## _aJournal article _2local 675 ## _aГосударственное право. Конституционное право. Административное право. 342 _z 700 #1 _aGusaim _gIvan Vyacheslavovich 856 4# _amosumvd.editorum.ru _u